Tropical peat : Proceedings of the international Symposium on Tropical Peatland 6-10 May,1991 Kuching Sarawak,Mal
| Format: | Book |
|---|---|
| Published: |
Mal :
MARDI ,
1992
|
| Subjects: |
MARC
| LEADER | 00000cam a2200000 7i4500 | ||
|---|---|---|---|
| 001 | 0000006018 | ||
| 002 | 000006505 | ||
| 005 | 20060214.0 | ||
| 020 | |a 9679361276 | ||
| 090 | 0 | 0 | |a 631.4713 |b TRO |
| 245 | 0 | 0 | |a Tropical peat : |b Proceedings of the international Symposium on Tropical Peatland 6-10 May,1991 Kuching Sarawak,Mal |c B.Y.Aminuddin |
| 260 | |a Mal : |b MARDI , |c 1992 | ||
| 300 | |a 441p. ; |c 29cm. | ||
| 650 | 0 | 0 | |a Peat soils |x Tropics |x Congresses |
| 650 | 0 | 0 | |a Peatland |x Tropics |x Congresses |
| 999 | |a 037845 |b BUKU |c MALAYSIANA |e PERPUSTAKAAN KOMUNITI PETALING JAYA | ||